书目信息 |
| 题名: |
英语读写教程
|
|
| 作者: | 严忠志 主编 | |
| 分册: | Ⅱ | |
| 出版信息: | 重庆 重庆大学出版社 2003.08 |
|
| 页数: | 219页 | |
| 开本: | 24cm | |
| 丛书名: | 3E英语培训系列教材 | |
| 单 册: | ||
| 中图分类: | H31 | |
| 科图分类: | ||
| 主题词: | 英语--阅读教学--教材 , 英语--写作--教材 , 阅读教学 , 写作 | |
| 电子资源: | ||
| ISBN: | 7-5624-2935-9 | |
| 000 | 00831nam2 2200277 45 | |
| 001 | 012004000000 | |
| 005 | 20041203100826.28 | |
| 010 | @a7-5624-2935-9@dCNY 18.00 | |
| 100 | @a20041024d2003 em y0chiy0121 ea | |
| 101 | 0 | @achi@aeng |
| 102 | @aCN@b500000 | |
| 105 | @ay z 000yy | |
| 200 | 1 | @a英语读写教程@Aying yu du xie jiao cheng@dPreliminary reading and writing@hⅡ@e拓展@f严忠志主编@zeng |
| 210 | @a重庆@c重庆大学出版社@d2003.08 | |
| 215 | @a219页@d24cm | |
| 225 | 2 | @a3E英语培训系列教材 |
| 410 | 0 | @12001 @a3E英语培训系列教材 |
| 510 | 1 | @aPreliminary reading and writing@zeng |
| 606 | 0 | @a英语@x阅读教学@j教材 |
| 606 | 0 | @a英语@x写作@j教材 |
| 606 | 0 | @a阅读教学 |
| 606 | 0 | @a写作 |
| 690 | @aH31@v4 | |
| 701 | 0 | @a严忠志@Ayan zhong zhi@4主编 |
| 801 | 0 | @aCN@bQSSK3@c20041203 |
| 905 | @a10447@dH31@eY070:2 | |
| 英语读写教程=Preliminary reading and writing.Ⅱ:拓展/严忠志主编.-重庆:重庆大学出版社,2003.08 |
| 219页;24cm.-(3E英语培训系列教材) |
| ISBN 7-5624-2935-9:CNY 18.00 |
| ● |
| 相关链接 |
|
|
|
正题名:英语读写教程
索取号:H31/Y070:2
 
预约/预借
| 序号 | 登录号 | 条形码 | 馆藏地/架位号 | 状态 | 备注 |
| 1 | 429801 | 204298018 | 语言库209/209语言库 89排1列1层/ [索取号:H31/Y070:2] | 在馆 | |
| 2 | 429802 | 204298027 | 语言库209/209语言库 89排1列1层/ [索取号:H31/Y070:2] | 在馆 | |
| 3 | 429803 | 204298036 | 语言库209/209语言库 89排1列1层/ [索取号:H31/Y070:2] | 在馆 |